The Existentialists (Запис № 580687)

МАРК-запис
000 -Лідер
fixed length control field 00687 a2200217 4500
003 - Ідентифікатор контрольного номера
control field UA-OsUOA
005 - Дата та час останнього входження (трансакції)
control field 20260511104105.0
008 - Елементи даних фіксованої довжини – загальна інформація
fixed length control field 260511b un ||||| |||| 00| 0 ukr d
040 ## - Джерело каталогізації
Агенція оригінальної каталогізації UA-OsUOA
Мова каталогізації eng
Агенція, яка здійснювала перезапис UA-OsUOA
Агенція, яка здійснювала модифікацію UA-OsUOA
041 ## - Код мови
Код мови тексту/ звукової доріжки чи окремого заголовка (П) eng
080 ## - Індекс Універсальної десяткової класифікації
Індекс Універсальної десяткової класифікації (УДК) (НП) 140.32
090 ## - Локальний шифр розміщення
Класифікаційний індекс УДК 140.32
Авторський знак (НП) C70
100 ## - Основне введення – ім’я особи
Ім’я особи (НП) Collins J.
9 (RLIN) 21013
245 ## - Відомості про назву
Назва (НП) The Existentialists
Решта назви (НП) A Critical Study
260 ## - Публікація, розповсюдження і т.п. (Вихідні дані)
Ім’я/ наймення видавництва, розповсюджувача і т.п. (П) Henry Regnery Company
Дата публікації, розповсюдження і т.п. (П) 1968
Місце публікації, розповсюдження і т.п. (П) Chicago
300 ## - Фізичний опис
Обсяг 300 p.
650 ## - Додаткове предметне введення – тематичний термін
Джерело заголовка чи терміна UDC
Тематичний термін чи географічна назва, як елемент введення (НП) 14 Філософські системи та погляди
9 (RLIN) 1949
942 ## - Додаткові елементи входу (Коха)
Тип елемента Koha Книги
Source of classification or shelving scheme Universal Decimal Classification
955 ## - Код типу видання за змістом
Код типу видання за змістом (НП) Науково-популярні видання
Фонди
Стан вилучень Стан втрат Джерело класифікації або схеми стелажів Стан уражень Не для кредиту Постійне місце розташування Поточне розміщення Дата придбання Джерело придбання Вартість, звичайна ціна покупки Інвентарний номер Усього замовленно Повний номер виклику Штрих-код Дата останнього перегляду Вартість, ціна заміни Ціна ефективна від Тип елемента Koha Примітка, призначена для загального доступу
    Universal Decimal Classification     Наукова бібліотека ІДУД Наукова бібліотека ІДУД 11/05/2026 №15/06.05.2026 (ІДУД) 1.00 300902   140.32 C70 300902 11/05/2026 1.00 11/05/2026 Книги Книгу отримано в дар від Романа Єринюка